| 000 | 00940nam a2200265Ia 4500 | ||
|---|---|---|---|
| 003 | OSt | ||
| 005 | 20220923225540.0 | ||
| 006 | a|||||r|||| 00| 0 | ||
| 007 | ta | ||
| 008 | 220922b |||||||| |||| 00| 0 mal d | ||
| 024 | _a270,913 | ||
| 037 | _cTextual | ||
| 040 |
_aARTS _cARTS _bmal |
||
| 041 |
_2mal _amal |
||
| 082 | _aO32,1M53:g, 152M3 | ||
| 100 |
_aशास्त्री, वेदम वेंकटराय _9168710 |
||
| 245 | 0 | _aवेदम वेंकटराय शास्त्री | |
| 246 | _aVedam veankaṭarāya shāstrī | ||
| 260 |
_aदिल्ली _b साहित्य अकादेमी _c1983 |
||
| 300 |
_a79पृ0 _ccm. |
||
| 490 | _aHkkjrh; lkfgR; ds fuekZrk | ||
| 650 |
_aकन्नड़ साहित्य _9156264 |
||
| 942 |
_hO32,1M53:g, 152M3 _cTEXL _2CC |
||
| 999 |
_c379012 _d379012 |
||